000 00514nam a22001937a 4500
003 MPLRDC
005 20220104123756.0
008 210129b ||||| |||| 00| 0 eng d
020 _a7-80068-613-2
082 _a856.8 ZZX
100 _a张在新、张再义编著
245 _a中国名人辩才趣闻
_c
250 _a一版一刷
260 _a
_b红旗出版社
_c1993
300 _b
490 _a名人辩才丛书. 2
650 _a函牍及杂著--寓言; 讽刺; 笑话
942 _cBK
_o856.8 ZZX
999 _c14103
_d14093